00249nam a2200109Ia 4500008004100000100001900041245002100060260002100081650001300102942000700115999001700122190216s9999||||xx |||||||||||||| ||und|| aSree Raman C V 0aPuram Kazhchakal bP K B Publishers aKathakal cBK c26303d26303